Hakluytus Posthumus or Purchas his pilgrimes: contayning a history of the world in sea voyages and lande travells by Englishmen and others.
Gardado en:
| Autor Principal: | |
|---|---|
| Formato: | Libro |
| Idioma: | inglés |
| Publicado: |
Glasgow, Scotland, United Kingdom
James MacLehose and Sons
1907
|
| Subjects: | |
| Tags: |
Engadir etiqueta
Sen Etiquetas, Sexa o primeiro en etiquetar este rexistro!
|
MARC
| LEADER | 00000nam a2200000 a 4500 | ||
|---|---|---|---|
| 001 | UCJ6998 | ||
| 003 | CL-VaPUC | ||
| 005 | 20250227100137.0 | ||
| 008 | 070124e19070000UK |||||||||||||||||eng|d | ||
| 999 | |c 323100 |d 323098 | ||
| 040 | |c Pontificia Universidad Católica de Valparaíso | ||
| 082 | 0 | 4 | |a 910.4 PUR 1907 |2 21 |
| 100 | 0 | |a Purchas, Samuel |9 511322 | |
| 245 | 1 | 0 | |a Hakluytus Posthumus or Purchas his pilgrimes: contayning a history of the world in sea voyages and lande travells by Englishmen and others. |
| 260 | 0 | 3 | |a Glasgow, Scotland, United Kingdom |b James MacLehose and Sons |c 1907 |
| 300 | |a 20 volúmenes. | ||
| 583 | |a last modification |c 20070124 00:00:00 |k Rodrigo Vera | ||
| 600 | 0 | 7 | |a COLON, CRISTOBAL |2 CL-VaPUC |9 265189 |
| 600 | 0 | 7 | |a HONDIUS |2 CL-VaPUC |9 514807 |
| 600 | 0 | 7 | |a SMITH, THOMAS |2 CL-VaPUC |9 514808 |
| 600 | 0 | 7 | |a HAKLUYTS, RICHARD |2 CL-VaPUC |9 514809 |
| 600 | 0 | 7 | |a ROE, THOMAS |2 CL-VaPUC |9 514810 |
| 600 | 0 | 7 | |a BUTTON, THOMAS |2 CL-VaPUC |9 505823 |
| 600 | 0 | 7 | |a TERRY, EDWARD |2 CL-VaPUC |9 511159 |
| 600 | 0 | 7 | |a GRAN MOGOL |2 CL-VaPUC |9 514811 |
| 600 | 0 | 7 | |a BRIGGES, HENRY |2 CL-VaPUC |9 514812 |
| 650 | 0 | |a Viajes |9 257115 | |
| 650 | 0 | |a Descubrimientos geográficos |9 331933 | |
| 650 | 7 | |a EXPEDICIONES CIENTIFICAS |2 CL-VaPUC |9 514813 | |
| 650 | 0 | |a Árabes |9 316264 | |
| 650 | 7 | |a GRIEGOS |2 CL-VaPUC |9 318981 | |
| 650 | 7 | |a TURCOS |2 CL-VaPUC |9 320945 | |
| 650 | 7 | |a ROMANOS |2 CL-VaPUC |9 389417 | |
| 650 | 7 | |a PORTUGUESES |2 CL-VaPUC |9 446290 | |
| 650 | 7 | |a INGLESES |2 CL-VaPUC |9 514814 | |
| 650 | 0 | |a Españoles |9 266190 | |
| 650 | 0 | |a Cartografía antigua |9 514815 | |
| 650 | 7 | |a HISTORIA DE LA GEOGRAFIA |2 CL-VaPUC |9 486550 | |
| 650 | 7 | |a LENGUA FENICIA |2 CL-VaPUC |9 514816 | |
| 651 | 0 | |a América |9 255182 | |
| 651 | 0 | |a África |9 256790 | |
| 651 | 0 | |a Asia |9 268338 | |
| 651 | 0 | |a Europa |9 255156 | |
| 651 | 7 | |a OCEANIA |2 CL-VaPUC |9 317234 | |
| 942 | |c BK |2 ddc | ||
| 945 | |d 20070124 00:00:00 |a rinostro | ||
| 952 | |0 0 |1 0 |4 0 |6 910_400000000000000_PUR_1907 |7 0 |8 X |9 402373 |a FDOBUD |b FDOBUD |d 2019-11-22 |h v.1 |i 1056298 |o 910.4 PUR 1907 |p 1056298 |r 2019-11-22 |t 1 |w 2019-11-22 |y BK_X |k BUD | ||
| 952 | |0 0 |1 0 |4 0 |6 910_400000000000000_PUR_1907 |7 0 |8 X |9 402374 |a FDOBUD |b FDOBUD |d 2019-11-22 |h v.2 |i 1056301 |o 910.4 PUR 1907 |p 1056301 |r 2019-11-22 |t 1 |w 2019-11-22 |y BK_X |k BUD | ||
| 952 | |0 0 |1 0 |4 0 |6 910_400000000000000_PUR_1907 |7 0 |8 X |9 402375 |a FDOBUD |b FDOBUD |d 2019-11-22 |h v.3 |i 105631K |o 910.4 PUR 1907 |p 105631K |r 2019-11-22 |t 1 |w 2019-11-22 |y BK_X |k BUD | ||
| 952 | |0 0 |1 0 |4 0 |6 910_400000000000000_PUR_1907 |7 0 |8 X |9 402376 |a FDOBUD |b FDOBUD |d 2019-11-22 |h v.4 |i 1056328 |o 910.4 PUR 1907 |p 1056328 |r 2019-11-22 |t 1 |w 2019-11-22 |y BK_X |k BUD | ||
| 952 | |0 0 |1 0 |4 0 |6 910_400000000000000_PUR_1907 |7 0 |8 X |9 402377 |a FDOBUD |b FDOBUD |d 2019-11-22 |h v.5 |i 1056336 |o 910.4 PUR 1907 |p 1056336 |r 2019-11-22 |t 1 |w 2019-11-22 |y BK_X |k BUD | ||
| 952 | |0 0 |1 0 |4 0 |6 910_400000000000000_PUR_1907 |7 0 |8 X |9 402378 |a FDOBUD |b FDOBUD |d 2019-11-22 |h v.6 |i 1056344 |o 910.4 PUR 1907 |p 1056344 |r 2019-11-22 |t 1 |w 2019-11-22 |y BK_X |k BUD | ||
| 952 | |0 0 |1 0 |4 0 |6 910_400000000000000_PUR_1907 |7 0 |8 X |9 402379 |a FDOBUD |b FDOBUD |d 2019-11-22 |h v.7 |i 1056352 |o 910.4 PUR 1907 |p 1056352 |r 2019-11-22 |t 1 |w 2019-11-22 |y BK_X |k BUD | ||
| 952 | |0 0 |1 0 |4 0 |6 910_400000000000000_PUR_1907 |7 0 |8 X |9 402380 |a FDOBUD |b FDOBUD |d 2019-11-22 |h v.8 |i 1056360 |o 910.4 PUR 1907 |p 1056360 |r 2019-11-22 |t 1 |w 2019-11-22 |y BK_X |k BUD | ||
| 952 | |0 0 |1 0 |4 0 |6 910_400000000000000_PUR_1907 |7 0 |8 X |9 402381 |a FDOBUD |b FDOBUD |d 2019-11-22 |h v.9 |i 1056379 |o 910.4 PUR 1907 |p 1056379 |r 2019-11-22 |t 1 |w 2019-11-22 |y BK_X |k BUD | ||
| 952 | |0 0 |1 0 |4 0 |6 910_400000000000000_PUR_1907 |7 0 |8 X |9 402382 |a FDOBUD |b FDOBUD |d 2019-11-22 |h v.10 |i 1056387 |o 910.4 PUR 1907 |p 1056387 |r 2019-11-22 |t 1 |w 2019-11-22 |y BK_X |k BUD | ||
| 952 | |0 0 |1 0 |4 0 |6 910_400000000000000_PUR_1907 |7 0 |8 X |9 402383 |a FDOBUD |b FDOBUD |d 2019-11-22 |h v.11 |i 1056395 |o 910.4 PUR 1907 |p 1056395 |r 2019-11-22 |t 1 |w 2019-11-22 |y BK_X |k BUD | ||
| 952 | |0 0 |1 0 |4 0 |6 910_400000000000000_PUR_1907 |7 0 |8 X |9 402384 |a FDOBUD |b FDOBUD |d 2019-11-22 |h v.12 |i 1056409 |o 910.4 PUR 1907 |p 1056409 |r 2019-11-22 |t 1 |w 2019-11-22 |y BK_X |k BUD | ||
| 952 | |0 0 |1 0 |4 0 |6 910_400000000000000_PUR_1907 |7 0 |8 X |9 402385 |a FDOBUD |b FDOBUD |d 2019-11-22 |h v.13 |i 1056417 |o 910.4 PUR 1907 |p 1056417 |r 2019-11-22 |t 1 |w 2019-11-22 |y BK_X |k BUD | ||
| 952 | |0 0 |1 0 |4 0 |6 910_400000000000000_PUR_1907 |7 0 |8 X |9 402386 |a FDOBUD |b FDOBUD |d 2019-11-22 |h v.14 |i 1056425 |o 910.4 PUR 1907 |p 1056425 |r 2019-11-22 |t 1 |w 2019-11-22 |y BK_X |k BUD | ||
| 952 | |0 0 |1 0 |4 0 |6 910_400000000000000_PUR_1907 |7 0 |8 X |9 402387 |a FDOBUD |b FDOBUD |d 2019-11-22 |h v.15 |i 1056433 |o 910.4 PUR 1907 |p 1056433 |r 2019-11-22 |t 1 |w 2019-11-22 |y BK_X |k BUD | ||
| 952 | |0 0 |1 0 |4 0 |6 910_400000000000000_PUR_1907 |7 0 |8 X |9 402388 |a FDOBUD |b FDOBUD |d 2019-11-22 |h v.16 |i 1056441 |o 910.4 PUR 1907 |p 1056441 |r 2019-11-22 |t 1 |w 2019-11-22 |y BK_X |k BUD | ||
| 952 | |0 0 |1 0 |4 0 |6 910_400000000000000_PUR_1907 |7 0 |8 X |9 402389 |a FDOBUD |b FDOBUD |d 2019-11-22 |h v.17 |i 105645K |o 910.4 PUR 1907 |p 105645K |r 2019-11-22 |t 1 |w 2019-11-22 |y BK_X |k BUD | ||
| 952 | |0 0 |1 0 |4 0 |6 910_400000000000000_PUR_1907 |7 0 |8 X |9 402390 |a FDOBUD |b FDOBUD |d 2019-11-22 |h v.18 |i 1056468 |o 910.4 PUR 1907 |p 1056468 |r 2019-11-22 |t 1 |w 2019-11-22 |y BK_X |k BUD | ||
| 952 | |0 0 |1 0 |4 0 |6 910_400000000000000_PUR_1907 |7 0 |8 X |9 402391 |a FDOBUD |b FDOBUD |d 2019-11-22 |h v.19 |i 1056476 |o 910.4 PUR 1907 |p 1056476 |r 2019-11-22 |t 1 |w 2019-11-22 |y BK_X |k BUD | ||
| 952 | |0 0 |1 0 |4 0 |6 910_400000000000000_PUR_1907 |7 0 |8 X |9 402392 |a FDOBUD |b FDOBUD |d 2019-11-22 |h v.20 |i 1056484 |o 910.4 PUR 1907 |p 1056484 |r 2019-11-22 |t 1 |w 2019-11-22 |y BK_X |k BUD | ||